书目信息 |
| 题名: |
自学的心理学问题
|
|
| 作者: | 唐自杰 编 | |
| 分册: | ||
| 出版信息: | 北京 经济管理出版社 1985 |
|
| 页数: | 95页 | |
| 开本: | 19cm | |
| 丛书名: | ||
| 单 册: | ||
| 中图分类: | G79 , G442 | |
| 科图分类: | ||
| 主题词: | 自学-学习心理学--自学参考资料 , 学习心理学-自学--自学参考资料 | |
| 电子资源: | ||
| ISBN: | ||
| 000 | 00790nam0 2200265 45 | |
| 001 | 0185012157 | |
| 005 | 20040424081723.0 | |
| 010 | @dCNY0.55 | |
| 100 | @a19951027d1985 em y0chiy0121 ea | |
| 101 | 0 | @achi |
| 102 | @aCN@b110000 | |
| 105 | @ay z 000yy | |
| 106 | @ar | |
| 200 | 10 | @a自学的心理学问题@Azi xue de xin li xue wen ti@e怎样培养和提高自学能力@f唐自杰编 |
| 210 | @a北京@c经济管理出版社@d1985 | |
| 215 | @a95页@d19cm | |
| 517 | 1 | @a怎样培养和提高自学能力@Azen yang pei yang he ti gao zi xue neng li |
| 606 | @a自学-学习心理学@x自学参考资料 | |
| 606 | @a学习心理学-自学@x自学参考资料 | |
| 690 | @aG79@v3 | |
| 690 | @aG442 | |
| 701 | 0 | @a唐自杰@Atang zi jie@4编 |
| 801 | 0 | @aCN@b深圳图书馆@c20040424 |
| 801 | 2 | @aCN@bNLC@c20040424 |
| 905 | @f2@b178321-322@dG442@e31 | |
| 自学的心理学问题:怎样培养和提高自学能力/唐自杰编.-北京:经济管理出版社,1985 |
| 95页;19cm |
| ISBN :CNY0.55 |
| ● |
| 相关链接 |
|
|
|
|
正题名:自学的心理学问题
索取号:G442/31
 
预约/预借
| 序号 | 登录号 | 条形码 | 馆藏地/架位号 | 状态 | 备注 |
| 1 | 0178321 | 000457393 | 密集书库/ [索取号:G442/31] | 在馆 | |
| 2 | 0178322 | 000456214 | 密集书库/ [索取号:G442/31] | 在馆 | |
| 3 | 0178323 | 000457366 | 第一样本阅览室/ [索取号:G442/31] | 在馆 |